000 00718nam a2200205 i 4500
001 175555
003 ES-MaACL
005 20230906215843.0
008 101105s1987 ne |||| | fre d
080 _a929 Spinoza, Benedictus de:32
100 1 _aDomínguez, Atilano.
_945153
245 1 3 _aLa religion chez Spinoza /
_cA. Domínguez.
260 _aRotterdam :
_bErasmus Universiteit, Centrale Interfaculteit,
_c1987.
300 _a18 h. ;
_c30 cm.
490 1 _aGuest-lectures and seminar papers on spinozism ;
_v4
600 1 7 _aSpinoza, Benedictus de-
_xReligión.
_9132868
830 0 _aGuest-lectures and seminar papers on spinozism ;
_v4
_9223898
852 _aES-MaACL
_j2283-F-17
999 _c175555
_d175555